The work of Dwight James Baum, architect /

Bibliographic Details
Main Author: Baum, Dwight James
Other Authors: Price, Charles Matlack
Format: Book
Language:English
Published: New York city : W. Helburn inc., 1927.
Subjects:

MARC

Tag First Indicator Second Indicator Subfields
LEADER 00000cam a2200000 4500
001 in00000027388
005 20151007061329.0
008 740401s1927 nyuf 00010 eng
010 |a  27007912  
035 |a (OCoLC)00846331 
035 |9 AAD1797AM 
040 |a DLC  |c KSU  |d TXA  |d UtOrBLW 
049 |a TXAS  |c [36173] 
050 0 0 |a NA737.B3  |b A3 
090 |a NA737.B3  |b A3 1927 
092 |a 728  |b B34w 
100 1 |a Baum, Dwight James. 
245 1 4 |a The work of Dwight James Baum, architect /  |c with a foreword by Harvey Wiley Corbett ... & an introduction and commentary text by Matlack Price. 
264 1 |a New York city :  |b W. Helburn inc.,  |c 1927. 
300 |a 10 ., 191 plates on 98 :  |b frontispiece ;  |c 42 cm. 
336 |a text  |b txt  |2 rdacontent 
337 |a unmediated  |b n  |2 rdamedia 
338 |a volume  |b nc  |2 rdacarrier 
500 |a The "commentary text" is on an unnumbered leaf preceding each section. The text for "The English type" is on verso of plate 100. 
650 0 |a Architecture, Domestic  |v Designs and plans. 
650 0 |a Architecture, Domestic  |z United States. 
700 1 |a Price, Charles Matlack. 
999 |a MARS 
999 f f |s dfe7e661-1e3f-3f9a-8a29-42c3246ce894  |i 7b266b60-b6bc-3629-ae6b-220020845551  |t 0 
952 f f |p noncirc  |a Texas A&M University  |b College Station  |c Cushing Memorial Library & Archives  |d Cushing: Rare Books (Does not check out)  |t 0  |e NA737.B3 A3 1927  |f Oversize  |h Library of Congress classification  |i unmediated -- volume 
998 f f |a NA737.B3 A3 1927  |t 0  |l Cushing: Rare Books (Does not check out)